000 01133nam a22002537a 4500
003 DO-SdBNP
005 20220316075119.0
007 ta
008 211025e2018 dr ||||gr|||| 00| 0 spa d
020 _a9789945911022
040 _aDO-SdBNP
_bspa
_cBNPHU
100 1 _aSantos, Francis,
_980332
245 1 3 _aLa alabanza como instrumento de guerra /
_cFrancis Santos ; prólogo Salvador Sabino.
260 _aSanto Domingo :
_bPublicaciones Libertad,
_c2018
300 _a119 p. :
_bil. ;
_c21 cm.
500 _aIncluye datos biográficos del autor en la contracubierta.
505 0 _aDedicatoria --
_tAgradecimientos --
_tPrólogo --
_tIntroducción --
_tLa alabanza en su máxima expresión --
_tLa importacia de adorar a Dios --
_tGuerra a la puerrta --
_tLas cuatro caracterísiticas de la adoración --
_t¿Adoradores o solo alabadores? ¿Qué eres tú? --
_tLa adoración y alabanza que honran a Dios.
590 _aInventariado, 2021 /LP
650 _911239
_aGuerra Espiritual
650 4 _9681
_aAdoración (Educación Religiosa)
700 1 _aSabino, Salvador,
_epról.
_980333
910 _aLopérez
942 _2ddc
_cLBS1
999 _c50808
_d50808